Culture Générale - Série 2370 - Statistiques

Statistiques générales
  • Ce quiz a été pris 127 fois
  • Le résultat moyen est 5 sur 10
Statistiques - réponses
Question Réponse % Correct
En France, quelle institution est appelée "Chambre haute" ? Sénat
90%
Dans le milieu de la mafia, quel mot est employé pour désigner un chef de famille au sens large ? parrain
86%
Quelle est le prénom de la première femme élue 1er ministre en France de 1991 à 1992 ? Edith
81%
En France, en quelle année la durée du mandat du Président de la République a-t-elle était ramenée de 7 à 5 ans ? 2002
77%
Quelle est la capitale du Mozambique Maputo
58%
De quel pays est originaire le mot "tarentule" qui désigne une araignée ? voir photo Italie
49%
Quel pays, contre toute attente, a remporté la coupe du monde féminine de football en 2011 ? Japon
38%
Quel est le prénom de l'auteur du roman "Le petit chose", en 1868 ? Alphonse
32%
Dans le film "Les larmes du soleil" réalisé en 2003 par Antoine Fuqua, quel est le prénom de l'acteur qui incarne le lieutenant Waters ? Bruce
9%
Dans ce même film, quel est le prénom de l'actrice qui incarne le Docteur Lena Kendricks ? Monica
5%
Aucun quiz correspondant
Distribution des résultats
% des personnes avec chaque résultat
Percentile par nombre de réponses
Votre historique - résultats
Vous n’avez pas pris ce quiz